Technologie potravin I

Saved in:
Bibliographic Details
Format: Book
Language:Czech
Published: Praha Vydavatelství VŠCHT v Praze 2002
Subjects:
Online Access:View in OPAC
Tags: Add Tag
No Tags, Be the first to tag this record!

MARC

LEADER 00000nam a2200000 a 4500
005 20260127134352.0
008 060412 2002 xr 000 0 cze d
020 |a 8070805099 
035 |a vtls008690489 
039 9 |y 200604121136  |z mschk03 
040 |a STUSCHK1  |b slo  |c STUSCHK1  |e AACR2 
080 |a 641(075.8) 
245 1 |a Technologie potravin I  |c Kadlec, Pavel a kol 
260 |a Praha  |b Vydavatelství VŠCHT v Praze  |c 2002 
300 |a 300 s. 
650 0 |a potraviny  |x technologie 
910 |a SCHK95 
919 |a 80-7080-509-9 
999 |c 11015  |d 11015